| 000 | 00595nam a2200205 a 4500 | ||
|---|---|---|---|
| 001 | BRCA_4069 | ||
| 005 | 20190320204532.0 | ||
| 008 | 160210s1961----nyu#######---#000-0#eng-# | ||
| 041 | _aeng | ||
| 044 | _anyu | ||
| 050 | 4 |
_aPZ3 _p.Q44 1961 |
|
| 100 | 1 |
_aQueen, Ellery. _910543 |
|
| 245 | 1 | 0 |
_aEllery Queen´s 16 th Mystery annual _bthe year´s best from Ellery Queen´s Mystery Magazine. _cby Ellery Queen. |
| 260 |
_aNueva York _bRandon House _c1961 |
||
| 300 |
_a245 p. _c21 cm. |
||
| 500 | _aCEF28. | ||
| 650 | 1 | 4 |
_aLiteratura estadounidense _eNovela _910544 |
| 902 | _aGFM | ||
| 942 |
_2lcc _cB |
||
| 999 |
_c3791 _d3791 |
||